logo

Bir Sreshtho Munshi Abdur Rouf Library
Jhenaidah Cadet College

দার্জিলিং জমজমাট / (Record no. 12809)

MARC details
000 -LEADER
fixed length control field 00678nam a2200229 a 4500
001 - CONTROL NUMBER
JCCL Control Number 12809
003 - CONTROL NUMBER IDENTIFIER
JCCL marc code BD-JhCC
005 - DATE AND TIME OF LATEST TRANSACTION
control field 20230514201152.0
008 - FIXED-LENGTH DATA ELEMENTS--GENERAL INFORMATION
fixed length control field 230514b19872016ii |||| ||a| 00| 0 ben d
020 ## - INTERNATIONAL STANDARD BOOK NUMBER
International Standard Book Number 9788170660972
035 ## - SYSTEM CONTROL NUMBER
system control number (BD-JhCC)12809
040 ## - CATALOGING SOURCE
Original cataloging agency BD-JhCC
Modifying agency BD-JhCC
041 ## - LANGUAGE CODE
Language code of Book Bengali
082 ## - DEWEY DECIMAL CLASSIFICATION NUMBER
Classification number 891.443
Author mark and Year RAY 2016
100 ## - MAIN ENTRY--PERSONAL NAME
Personal name রায়, সত্যজিৎ
245 ## - TITLE STATEMENT
Title দার্জিলিং জমজমাট /
Statement of responsibility, etc সত্যজিৎ রায়।
260 ## - PUBLICATION, DISTRIBUTION, ETC. (IMPRINT)
Place of publication, distribution, etc কলকতা:
Name of publisher, distributor, etc আনন্দ পাবলিশার্স ;
Date of publication, distribution, etc ২০১৬.
300 ## - PHYSICAL DESCRIPTION
Pagination 86 p. :
Dimensions 22 cm.
650 ## - SUBJECT ADDED ENTRY--TOPICAL TERM
Topical term or geographic name as entry element Novel
942 ## - ADDED ENTRY ELEMENTS (KOHA)
Source of classification or shelving scheme Dewey Decimal Classification
Koha item type Books
Holdings
Source of classification or shelving scheme Damaged status Not for loan Home library Current library Shelving location Date of accession Cost, normal purchase price Total Checkouts Full call number Barcode Date last seen Date checked out Copy number Method of acquisition Koha item type Currency
Dewey Decimal Classification     JCC Rouf Library JCC Rouf Library General Stacks 05/14/2023 100.00 3 891.443 RAY 2016 17648 02/27/2024 02/06/2024 C-1 Purchase Books BDT

JCC Library | Contacts | JCC Home

Last Update on 23 September 2017
Copyright @ 2017-2020 JCC Rouf Library
Rouf Library, Jhenidah Cadet College (JCC), Bangladesh